<?xml version="1.0" encoding="UTF-8"?>
<collection xmlns="http://www.loc.gov/MARC21/slim">
 <record>
  <leader>05602cam a2200997   4500</leader>
  <controlfield tag="001">302080627</controlfield>
  <controlfield tag="003">DE-627</controlfield>
  <controlfield tag="005">20241215043045.0</controlfield>
  <controlfield tag="007">tu</controlfield>
  <controlfield tag="008">990831s1999    gw ||||| ccc  00| ||ger c</controlfield>
  <datafield tag="015" ind1=" " ind2=" ">
   <subfield code="a">99,B39,0643</subfield>
   <subfield code="2">dnb</subfield>
  </datafield>
  <datafield tag="016" ind1="7" ind2=" ">
   <subfield code="a">956720781</subfield>
   <subfield code="2">DE-101</subfield>
  </datafield>
  <datafield tag="020" ind1=" " ind2=" ">
   <subfield code="a">3861040352</subfield>
   <subfield code="c">kart.</subfield>
   <subfield code="9">3-86104-035-2</subfield>
  </datafield>
  <datafield tag="035" ind1=" " ind2=" ">
   <subfield code="a">(DE-627)302080627</subfield>
  </datafield>
  <datafield tag="035" ind1=" " ind2=" ">
   <subfield code="a">(DE-576)079651836</subfield>
  </datafield>
  <datafield tag="035" ind1=" " ind2=" ">
   <subfield code="a">(DE-599)GBV302080627</subfield>
  </datafield>
  <datafield tag="035" ind1=" " ind2=" ">
   <subfield code="a">(OCoLC)163487465</subfield>
  </datafield>
  <datafield tag="035" ind1=" " ind2=" ">
   <subfield code="a">(OCoLC)313444590</subfield>
  </datafield>
  <datafield tag="040" ind1=" " ind2=" ">
   <subfield code="a">DE-627</subfield>
   <subfield code="b">ger</subfield>
   <subfield code="c">DE-627</subfield>
   <subfield code="e">rakwb</subfield>
  </datafield>
  <datafield tag="041" ind1=" " ind2=" ">
   <subfield code="a">ger</subfield>
  </datafield>
  <datafield tag="044" ind1=" " ind2=" ">
   <subfield code="c">XA-DE-TH</subfield>
  </datafield>
  <datafield tag="050" ind1=" " ind2="0">
   <subfield code="a">PG3327.9</subfield>
  </datafield>
  <datafield tag="084" ind1=" " ind2=" ">
   <subfield code="a">46</subfield>
   <subfield code="2">sdnb</subfield>
  </datafield>
  <datafield tag="084" ind1=" " ind2=" ">
   <subfield code="a">9,11</subfield>
   <subfield code="a">9,10</subfield>
   <subfield code="2">ssgn</subfield>
  </datafield>
  <datafield tag="084" ind1=" " ind2=" ">
   <subfield code="a">KI 3531</subfield>
   <subfield code="2">rvk</subfield>
   <subfield code="0">(DE-625)rvk/76986:</subfield>
  </datafield>
  <datafield tag="084" ind1=" " ind2=" ">
   <subfield code="a">LH 40080</subfield>
   <subfield code="2">rvk</subfield>
   <subfield code="0">(DE-625)rvk/93368:</subfield>
  </datafield>
  <datafield tag="084" ind1=" " ind2=" ">
   <subfield code="a">18.53</subfield>
   <subfield code="2">bkl</subfield>
  </datafield>
  <datafield tag="084" ind1=" " ind2=" ">
   <subfield code="a">21.02</subfield>
   <subfield code="2">bkl</subfield>
  </datafield>
  <datafield tag="084" ind1=" " ind2=" ">
   <subfield code="a">21.32</subfield>
   <subfield code="2">bkl</subfield>
  </datafield>
  <datafield tag="245" ind1="1" ind2="0">
   <subfield code="a">Dostojewski ist mein Freund</subfield>
   <subfield code="b">(Max Beckmann, Herbst 1914) ; Graphiken, Gemälde und Buchill. zu Dostojewski in der deutschen Kunst zwischen 1900 und 1950 ; [erscheint zur Ausstellung &quot;Dostojewski ist mein Freund ...&quot;, vom 6. Juni bis zum 5. September 1999 im Lindenau-Museum Altenburg]</subfield>
   <subfield code="c">[Konzeption der Ausstellung und des Kataloges Andreas Hüneke, Jutta Penndorf, Klaus Jena]</subfield>
  </datafield>
  <datafield tag="246" ind1="3" ind2="3">
   <subfield code="a">Graphiken, Gemälde und Buchillustrationen zu Dostojewski in der deutschen Kunst zwischen 1900 und 1950</subfield>
  </datafield>
  <datafield tag="264" ind1=" " ind2="1">
   <subfield code="a">Altenburg</subfield>
   <subfield code="b">Lindenau-Museum</subfield>
   <subfield code="c">1999</subfield>
  </datafield>
  <datafield tag="300" ind1=" " ind2=" ">
   <subfield code="a">72 S.</subfield>
   <subfield code="b">Ill.</subfield>
   <subfield code="c">24 cm</subfield>
  </datafield>
  <datafield tag="336" ind1=" " ind2=" ">
   <subfield code="a">Text</subfield>
   <subfield code="b">txt</subfield>
   <subfield code="2">rdacontent</subfield>
  </datafield>
  <datafield tag="336" ind1=" " ind2=" ">
   <subfield code="a">unbewegtes Bild</subfield>
   <subfield code="b">sti</subfield>
   <subfield code="2">rdacontent</subfield>
  </datafield>
  <datafield tag="337" ind1=" " ind2=" ">
   <subfield code="a">ohne Hilfsmittel zu benutzen</subfield>
   <subfield code="b">n</subfield>
   <subfield code="2">rdamedia</subfield>
  </datafield>
  <datafield tag="338" ind1=" " ind2=" ">
   <subfield code="a">Band</subfield>
   <subfield code="b">nc</subfield>
   <subfield code="2">rdacarrier</subfield>
  </datafield>
  <datafield tag="361" ind1="1" ind2=" ">
   <subfield code="a">Raabe, Paul</subfield>
   <subfield code="5">DE-Ha33</subfield>
   <subfield code="y">1840397977</subfield>
   <subfield code="s">25.1289</subfield>
   <subfield code="o">Vorbesitz</subfield>
   <subfield code="0">(DE-588)118597434</subfield>
   <subfield code="0">(DE-627)079389910</subfield>
   <subfield code="0">(DE-576)162639511</subfield>
  </datafield>
  <datafield tag="561" ind1=" " ind2=" ">
   <subfield code="5">DE-Ha33</subfield>
   <subfield code="3">Exemplarsatz-ID: 1840397977, Signatur: 25.1289</subfield>
   <subfield code="a">Vorbesitz: Raabe, Paul ; http://d-nb.info/gnd/118597434</subfield>
  </datafield>
  <datafield tag="583" ind1="1" ind2=" ">
   <subfield code="a">Archivierung/Langzeitarchivierung gewährleistet</subfield>
   <subfield code="f">SSG</subfield>
   <subfield code="x">XA-DE-BW</subfield>
   <subfield code="2">pdager</subfield>
   <subfield code="5">DE-16</subfield>
  </datafield>
  <datafield tag="583" ind1="1" ind2=" ">
   <subfield code="a">Archivierung prüfen</subfield>
   <subfield code="c">20240324</subfield>
   <subfield code="f">DE-4165</subfield>
   <subfield code="z">1</subfield>
   <subfield code="2">pdager</subfield>
  </datafield>
  <datafield tag="600" ind1="1" ind2="0">
   <subfield code="a">Dostoyevsky, Fyodor</subfield>
   <subfield code="x">Illustrations</subfield>
   <subfield code="x">Exhibitions</subfield>
  </datafield>
  <datafield tag="600" ind1="1" ind2="0">
   <subfield code="a">Dostoyevsky, Fyodor</subfield>
   <subfield code="x">Portraits</subfield>
   <subfield code="x">Exhibitions</subfield>
  </datafield>
  <datafield tag="650" ind1=" " ind2="0">
   <subfield code="a">Art, German</subfield>
   <subfield code="x">Exhibitions</subfield>
   <subfield code="x">20th century</subfield>
  </datafield>
  <datafield tag="655" ind1=" " ind2="7">
   <subfield code="a">Ausstellungskatalog</subfield>
   <subfield code="y">Thüringen, 1999</subfield>
   <subfield code="z">Altenburg</subfield>
   <subfield code="0">(DE-588)4135467-9</subfield>
   <subfield code="0">(DE-627)10566491X</subfield>
   <subfield code="0">(DE-576)209660988</subfield>
   <subfield code="2">gnd-content</subfield>
  </datafield>
  <datafield tag="655" ind1=" " ind2="7">
   <subfield code="a">Ausstellungskatalog</subfield>
   <subfield code="x">Lindenau-Museum Altenburg</subfield>
   <subfield code="y">06.06.1999-05.09.1999</subfield>
   <subfield code="z">Altenburg, Thüringen</subfield>
   <subfield code="0">(DE-588)4135467-9</subfield>
   <subfield code="0">(DE-627)10566491X</subfield>
   <subfield code="0">(DE-576)209660988</subfield>
   <subfield code="2">gnd-content</subfield>
  </datafield>
  <datafield tag="655" ind1=" " ind2="7">
   <subfield code="a">Ausstellungskatalog</subfield>
   <subfield code="0">(DE-588)4135467-9</subfield>
   <subfield code="0">(DE-627)10566491X</subfield>
   <subfield code="0">(DE-576)209660988</subfield>
   <subfield code="2">gnd-content</subfield>
  </datafield>
  <datafield tag="689" ind1="0" ind2="0">
   <subfield code="d">p</subfield>
   <subfield code="0">(DE-588)118527053</subfield>
   <subfield code="0">(DE-627)124056156</subfield>
   <subfield code="0">(DE-576)160773342</subfield>
   <subfield code="a">Dostoevskij, Fëdor Michajlovič</subfield>
   <subfield code="d">1821-1881</subfield>
   <subfield code="2">gnd</subfield>
  </datafield>
  <datafield tag="689" ind1="0" ind2="1">
   <subfield code="d">g</subfield>
   <subfield code="0">(DE-588)4011882-4</subfield>
   <subfield code="0">(DE-627)104704861</subfield>
   <subfield code="0">(DE-576)208896155</subfield>
   <subfield code="a">Deutschland</subfield>
   <subfield code="2">gnd</subfield>
  </datafield>
  <datafield tag="689" ind1="0" ind2="2">
   <subfield code="d">s</subfield>
   <subfield code="0">(DE-588)4114333-4</subfield>
   <subfield code="0">(DE-627)105822957</subfield>
   <subfield code="0">(DE-576)209483733</subfield>
   <subfield code="a">Kunst</subfield>
   <subfield code="2">gnd</subfield>
  </datafield>
  <datafield tag="689" ind1="0" ind2="3">
   <subfield code="a">z</subfield>
   <subfield code="2">gnd</subfield>
   <subfield code="a">Geschichte 1900-1950</subfield>
  </datafield>
  <datafield tag="689" ind1="0" ind2=" ">
   <subfield code="5">DE-101</subfield>
  </datafield>
  <datafield tag="689" ind1="1" ind2="0">
   <subfield code="d">s</subfield>
   <subfield code="0">(DE-588)4049716-1</subfield>
   <subfield code="0">(DE-627)104675152</subfield>
   <subfield code="0">(DE-576)209083182</subfield>
   <subfield code="a">Rezeption</subfield>
   <subfield code="2">gnd</subfield>
  </datafield>
  <datafield tag="689" ind1="1" ind2="1">
   <subfield code="d">s</subfield>
   <subfield code="0">(DE-588)4021845-4</subfield>
   <subfield code="0">(DE-627)106311913</subfield>
   <subfield code="0">(DE-576)20894026X</subfield>
   <subfield code="a">Grafik</subfield>
   <subfield code="2">gnd</subfield>
  </datafield>
  <datafield tag="689" ind1="1" ind2="2">
   <subfield code="a">z</subfield>
   <subfield code="2">gnd</subfield>
   <subfield code="a">Geschichte 1900-1950</subfield>
  </datafield>
  <datafield tag="689" ind1="1" ind2=" ">
   <subfield code="5">(DE-627)</subfield>
  </datafield>
  <datafield tag="689" ind1="2" ind2="0">
   <subfield code="d">s</subfield>
   <subfield code="0">(DE-588)4037220-0</subfield>
   <subfield code="0">(DE-627)10623871X</subfield>
   <subfield code="0">(DE-576)209022892</subfield>
   <subfield code="a">Malerei</subfield>
   <subfield code="2">gnd</subfield>
  </datafield>
  <datafield tag="689" ind1="2" ind2=" ">
   <subfield code="5">(DE-627)</subfield>
  </datafield>
  <datafield tag="689" ind1="3" ind2="0">
   <subfield code="d">s</subfield>
   <subfield code="0">(DE-588)4123412-1</subfield>
   <subfield code="0">(DE-627)104516488</subfield>
   <subfield code="0">(DE-576)209559519</subfield>
   <subfield code="a">Illustration</subfield>
   <subfield code="2">gnd</subfield>
  </datafield>
  <datafield tag="689" ind1="3" ind2=" ">
   <subfield code="5">(DE-627)</subfield>
  </datafield>
  <datafield tag="700" ind1="1" ind2=" ">
   <subfield code="a">Hüneke, Andreas</subfield>
   <subfield code="d">1944-2024</subfield>
   <subfield code="0">(DE-588)134006607</subfield>
   <subfield code="0">(DE-627)559471866</subfield>
   <subfield code="0">(DE-576)161509967</subfield>
   <subfield code="4">oth</subfield>
  </datafield>
  <datafield tag="700" ind1="1" ind2=" ">
   <subfield code="a">Penndorf, Jutta</subfield>
   <subfield code="d">1946-</subfield>
   <subfield code="0">(DE-588)136309178</subfield>
   <subfield code="0">(DE-627)579316726</subfield>
   <subfield code="0">(DE-576)164460136</subfield>
   <subfield code="4">oth</subfield>
  </datafield>
  <datafield tag="700" ind1="1" ind2=" ">
   <subfield code="a">Jena, Klaus</subfield>
   <subfield code="d">1962-</subfield>
   <subfield code="0">(DE-588)1073893626</subfield>
   <subfield code="0">(DE-627)829771921</subfield>
   <subfield code="0">(DE-576)435385941</subfield>
   <subfield code="4">oth</subfield>
  </datafield>
  <datafield tag="700" ind1="1" ind2=" ">
   <subfield code="a">Dostoevskij, Fëdor Michajlovič</subfield>
   <subfield code="d">1821-1881</subfield>
   <subfield code="0">(DE-588)118527053</subfield>
   <subfield code="0">(DE-627)124056156</subfield>
   <subfield code="0">(DE-576)160773342</subfield>
   <subfield code="4">oth</subfield>
  </datafield>
  <datafield tag="710" ind1="2" ind2=" ">
   <subfield code="a">Lindenau-Museum Altenburg</subfield>
   <subfield code="0">(DE-588)2170370-X</subfield>
   <subfield code="0">(DE-627)244002509</subfield>
   <subfield code="0">(DE-576)196960169</subfield>
   <subfield code="4">oth</subfield>
  </datafield>
  <datafield tag="711" ind1="2" ind2=" ">
   <subfield code="a">Ausstellung Dostojewski Ist Mein Freund. Graphiken, Gemälde und Buchillustrationen zu Dostojewski in der Deutschen Kunst zwischen 1900 und 1950</subfield>
   <subfield code="d">1999</subfield>
   <subfield code="c">Altenburg,Thüringen</subfield>
   <subfield code="0">(DE-588)2177995-8</subfield>
   <subfield code="0">(DE-627)711174342</subfield>
   <subfield code="0">(DE-576)197737927</subfield>
   <subfield code="4">oth</subfield>
  </datafield>
  <datafield tag="787" ind1="0" ind2="8">
   <subfield code="i">Rezension</subfield>
   <subfield code="a">Lange, Justus, 1968 - </subfield>
   <subfield code="t">[Rezension von: &quot;Dostojewski ist mein Freund&quot;]</subfield>
   <subfield code="d">2000</subfield>
   <subfield code="w">(DE-627)1540339556</subfield>
   <subfield code="w">(DE-576)470339551</subfield>
  </datafield>
  <datafield tag="889" ind1=" " ind2=" ">
   <subfield code="w">(DE-627)468961275</subfield>
  </datafield>
  <datafield tag="935" ind1=" " ind2=" ">
   <subfield code="i">Blocktest</subfield>
  </datafield>
  <datafield tag="936" ind1="r" ind2="v">
   <subfield code="a">KI 3531</subfield>
   <subfield code="b">Spezielle Sekundärliteratur: Einzelprobleme</subfield>
   <subfield code="k">Slawistik</subfield>
   <subfield code="k">Russische Sprache und Literatur</subfield>
   <subfield code="k">Russische Literatur: Puskinzeit bis 1917</subfield>
   <subfield code="k">Einzelne Autoren</subfield>
   <subfield code="k">Autoren D</subfield>
   <subfield code="k">Dostoevskij, Fëdor Michajlovič</subfield>
   <subfield code="k">Sekundärliteratur</subfield>
   <subfield code="k">Spezielle Sekundärliteratur: Einzelprobleme</subfield>
   <subfield code="0">(DE-627)1271019957</subfield>
   <subfield code="0">(DE-625)rvk/76986:</subfield>
   <subfield code="0">(DE-576)201019957</subfield>
  </datafield>
  <datafield tag="936" ind1="r" ind2="v">
   <subfield code="a">LH 40080</subfield>
   <subfield code="b">Altenburg</subfield>
   <subfield code="k">Kunstgeschichte</subfield>
   <subfield code="k">Allgemeines. Allgemeine Kunstgeschichte</subfield>
   <subfield code="k">Ausstellungswesen, Ausstellungskataloge</subfield>
   <subfield code="k">Ausstellungskataloge</subfield>
   <subfield code="k">Orte A</subfield>
   <subfield code="k">Altenburg</subfield>
   <subfield code="0">(DE-627)1272691160</subfield>
   <subfield code="0">(DE-625)rvk/93368:</subfield>
   <subfield code="0">(DE-576)202691160</subfield>
  </datafield>
  <datafield tag="936" ind1="b" ind2="k">
   <subfield code="a">18.53</subfield>
   <subfield code="j">Russische Literatur</subfield>
   <subfield code="0">(DE-627)106405055</subfield>
  </datafield>
  <datafield tag="936" ind1="b" ind2="k">
   <subfield code="a">21.02</subfield>
   <subfield code="j">Geschichte der Malerei</subfield>
   <subfield code="0">(DE-627)106406698</subfield>
  </datafield>
  <datafield tag="936" ind1="b" ind2="k">
   <subfield code="a">21.32</subfield>
   <subfield code="j">Geschichte der Graphik</subfield>
   <subfield code="0">(DE-627)106405756</subfield>
  </datafield>
  <datafield tag="951" ind1=" " ind2=" ">
   <subfield code="a">BO</subfield>
  </datafield>
  <datafield tag="990" ind1=" " ind2=" ">
   <subfield code="a">Dostoevskij, Fëdor Michajlovič</subfield>
  </datafield>
  <datafield tag="990" ind1=" " ind2=" ">
   <subfield code="a">Deutschland</subfield>
  </datafield>
  <datafield tag="990" ind1=" " ind2=" ">
   <subfield code="a">Kunst</subfield>
  </datafield>
  <datafield tag="990" ind1=" " ind2=" ">
   <subfield code="a">Geschichte 1900-1950</subfield>
  </datafield>
  <datafield tag="990" ind1=" " ind2=" ">
   <subfield code="a">Rezeption</subfield>
  </datafield>
  <datafield tag="990" ind1=" " ind2=" ">
   <subfield code="a">Grafik</subfield>
  </datafield>
  <datafield tag="990" ind1=" " ind2=" ">
   <subfield code="a">Geschichte 1900-1950</subfield>
  </datafield>
  <datafield tag="990" ind1=" " ind2=" ">
   <subfield code="a">Malerei</subfield>
  </datafield>
  <datafield tag="990" ind1=" " ind2=" ">
   <subfield code="a">Illustration</subfield>
  </datafield>
  <datafield tag="991" ind1=" " ind2=" ">
   <subfield code="a">Rezensiertes Werk</subfield>
  </datafield>
  <datafield tag="999" ind1=" " ind2=" ">
   <subfield code="a">KXP-PPN302080627</subfield>
   <subfield code="e">4055683618</subfield>
  </datafield>
 </record>
</collection>
